Veľkým fabriky, malým...

Bibliographic Details
Main Author: Ertlová, Eva, 1931- (Author)
Format: Article
Language:Slovak
Subjects:

MARC

LEADER 00000nab a2200000 a 4500
001 vtls000578350
003 SK-MaSNL
005 20260303191127.0
008 120929c1996 xo 0 slo
015 |a SNBRB19rr/mm-uuuuu 
035 |a CL0578488 
040 |a SNKBUCL  |b slo  |c SNKBUCL  |e AACR2 
041 0 |a slo 
044 |a xo  |c SK 
080 |a 69:061.5(437.6):338.246  |2 1981 
100 1 |a Ertlová, Eva,  |d 1931-  |4 aut  |9 37711 
245 1 0 |a Veľkým fabriky, malým...  |c Eva Ertlová 
650 0 7 |a Pozemné stavby, š.p., Martin  |2 snkbucl  |9 1220247 
651 7 |a 5306  |2 snkbucl  |9 893716 
655 7 |a články z novín a časopisov  |2 snkbucl  |9 267496 
773 0 |t Práca  |g Roč. 51, č. 68 (21. 3. 1996), s. 1-2 
850 |a Slovenská národná knižnica v Martine  |a MTA001 
852 |a SNK  |b KIS3GCP 
958 |a RK 
992 |a RBX 
999 |c 2139521  |d 2141451